000
00253nam a2200121Ia 4500
100
_a
Peck/ W.G
942
_c
BK
654
_a
Work
245
_a
Bench Work & Fitting
260
_b
Sir ISAAC Pitman & Sons Ltd.
_c
2001
300
_a
74
546
_a
ENGLISH
999
_c
25966
_d
25966